Guess the Country by their nicknames - Statistics

General Stats
  • This quiz has been taken 14 times
  • The average score is 8 of 15
Answer Stats
Nickname Answer % Correct
Land of fire and ice Iceland
86%
The Red Dragon China
79%
Gift of the Nile Egypt
79%
Land of Gods Greece
79%
Land of Rising Sun Japan
79%
Land of football Brazil
71%
The Emerald Isle Ireland
57%
The Hexagon France
43%
Land of Midnight Sun Norway
43%
Land of Glory and Hope United Kingdom
43%
Land of Opportunities United States
43%
Land of Thousand Lakes Finland
36%
Land of Poets and Thinkers Germany
21%
Playground of Europe Switzerland
14%
Golden Sparrow India
7%
No matching quizzes found
Score Distribution
Percent of People with Each Score
Percentile by Number Answered
Your Score History
You have not taken this quiz